[Event "Nyeri Quo Vadis op"]
[Site "Nyeri"]
[Date "2025.06.06"]
[Round "1"]
[White "Allan, Chumba"]
[Black "Kangwana, Hosni"]
[Result "1/2-1/2"]
[WhiteElo "1926"]
[BlackElo "1732"]
[PlyCount "79"]
[EventDate "2025.06.06"]
[EventType "swiss"]
[EventRounds "8"]
[EventCountry "KEN"]
[SourceTitle "CB26_2025"]
[SourceDate "2025.06.25"]
[SourceVersion "1"]
[SourceVersionDate "2025.06.25"]
[SourceQuality "1"]

1. e4 e6 2. d4 d5 3. Nc3 Bb4 4. e5 c5 5. a3 Bxc3+ 6. bxc3 Nc6 7. Qg4 g6 8. h4 h6 9. Bd3 Qa5 10. Bd2 c4 11. Bxg6 fxg6 12. Qxg6+ Kf8 13. Rh3 Nce7 14. Rf3+ Nf5 15. g4 Qc7 16. gxf5 exf5 17. e6 Bxe6 18. Bf4 Qf7 19. Bd6+ Ke8 20. Qg3 Ne7 21. Bxe7 Qxe7 22. Kd2 Kd7 23. Re3 Rhg8 24. Qe5 Rg4 25. Rae1 Re4 26. Rxe4 fxe4 27. Ne2 Rf8 28. Nf4 Rf5 29. Qb8 Qd6 30. Qxb7+ Ke8 31. Qa8+ Kf7 32. Qxa7+ Kf6 33. Ne2 Rxf2 34. Kd1 Bg4 35. Qa8 Bxe2+ 36. Rxe2 Rxe2 37. Kxe2 Qh2+ 38. Kd1 Qg1+ 39. Ke2 Qg2+ 40. Ke1 1/2-1/2